000 00491nam a2200169 4500
001 112827
003 ES-MaACL
005 20230906185638.0
007 t|
008 061121s1961 sp r ||||1| spa d
100 1 _aMuro Orejón, Antonio.
_984616
245 1 0 _aPuerto Real en el siglo XVIII /
_cAntonio Muro Orejón.
260 _aSevilla :
_bUniversidad,
_c1961.
300 _a52 p. 9 lám. ;
_c24 cm.
710 2 _aUniversidad de Sevilla.
_97301
852 _aES-MaACL
_jC-9184
_bR.51091
999 _c112827
_d112827